000 01275nas a2200325 4500
001 BR8303630
003 BR-BrBNA
005 20231205085614.0
007 ta
008 230509b bl.|||p| |||| 00| 00por d
040 _aBR-BrBNA
_bpor
_cBiblioteca Nacional de Agricultura
041 _a(Pt)
072 _aK10
100 1 _aPires, I.E.
100 1 _aFerreira, C.A.
111 1 _a4. Congresso Florestal Brasileiro
_cBelo Horizonte, MG (Brazil)
_d10-15 May 1982
245 1 _aPotencialidade do Nordeste do Brasil para reflorestamento [Eucalyptus camaldulensis, Eucalyptus tereticornis, Eucalyptus drepanophylla, Eucalyptus cloeziana, Eucalyptus maculata, Pinus oocarpa, Pinus caribaea var. hondurensis, Pinus Kesiya, Eucalyptus exserta, Eucalyptus crebra, Prosopis juliflora, Leucaena leucocephala, Anadenanthera macrocarpa, Tabebuia spp., Mimosa caesalpiniaefolia]
650 _aEUCALIPTO
650 _aPINHEIRO
650 _aALGAROBA
650 _aLEUCAENA
650 _aANGICO BRAVO
650 _aIPE
650 _aSABIA
650 _aREFLORESTAMENTO
650 _aREGIAO NORDESTE
773 0 _tSilvicultura (Brazil)
_xISSN 0100-3615
_g(Jan-Feb 1983), v. 8(28) p. 440-445
_wBR8303630
909 _a202311
_bLúcia
_c55
_dLúcia Elande
942 _2AGRIS
_n0
_cANA
999 _c112502
_d112502